| 000 | 00715nam a22002177a 4500 | ||
|---|---|---|---|
| 003 | OSt | ||
| 005 | 20250725085947.0 | ||
| 008 | 250725b |||||||| |||| 00| 0 eng d | ||
| 020 | _a978-621-04-5016-3 | ||
| 040 |
_aDWC-Main Lib _cOC |
||
| 082 | _aFil. 371.33 T255 2023 | ||
| 100 | _aBallado, Ronato S. | ||
| 245 |
_aTechnology for teaching and learning 1/ _cRonato S. Ballado [and three others] |
||
| 250 | _a1st ed. | ||
| 260 |
_aSampaloc, Manila : _bRex Book Store, _cc2023. |
||
| 300 |
_ax, 292 p. : _billustrations ; _c25 cm. |
||
| 504 | _aIncludes bibliography and index. | ||
| 650 | _a1. Computer- assisted instruction | ||
| 650 | _a2. Education technology | ||
| 942 |
_2ddc _cBK - FIL _e1st ed. _kFil. _n0 |
||
| 999 |
_c3823 _d3823 |
||